000 01193nam a22002537a 4500
005 20100331163522.0
008 100331t xxu||||| |||| 00| 0 hin d
010 _aHIN-89202
020 _a8188632708
_c300.00
035 _aHN-61548
037 _bDBAD / PUB
040 _aDPL
_bHN
082 _a934
100 _aनन्दन कुमार
_916094
245 _aप्राचीन भारत का सामाजिक इतिहास /
_cनन्दन कुमार
246 _apracjin Bharat ka Samajik Itihas/
_bby Nandan Kumar
260 _aदिल्ली
_bपुष्पांजलि प्रकाशन
_c2009
270 _aएल-46, गली नं-5, शिवाजी मार्ग, करतार नगर
_bदिल्ली
_e110053
300 _a216पृ
_c22सेमी (सजिल्द)
650 _aसभ्यता
_xसामाजिक इतिहास
_zभारत
_916095
650 _aciviligation
_xsocial history
_zindia
_916096
942 _2ddc
_cHN
_mनन्दन
999 _c34979
_d34979